000 00828cab a2200229 4500
001 WB3132-36
008 090401t1995 xxu||||| |||| 00| 0 eng d
035 _a(Sirsi) u57293
041 _aeng
245 _aProperties to be viewed by Internet link
260 _c1995
350 _a0
490 _aProperty Week
_v52(9) 31 August 1995, 12(1)
520 _aA UK Commercial Property Register service is to be launched on the Internet. Occupiers from around the world will be able to view existing and proposed buildings through colour images and 3D graphics.
650 _aPROPERTY INFORMATION
650 _aUK COMMERCIAL PROPERTY REGISTER
650 _aWALSH SIMMONS
690 _aPROPERTY-COMMERCIAL PROPERTY
690 _aMANAGEMENT-BUSINESS MANAGEMENT-INFORMATION MANAGEMENT
942 _n0
948 _c04/03/1997
999 _c34917
_d34917